Flora silvestre de Chile: una guía para la identificación de las especies vegetales más frecuentes
Saved in:
| Hovedforfatter: | |
|---|---|
| Format: | Bog |
| Sprog: | spansk |
| Udgivet: |
Santiago
Fundación Claudio Gay
2012
|
| Udgivelse: | 5a. ed |
| Fag: | |
| Tags: |
Tilføj Tag
Ingen Tags, Vær først til at tagge denne postø!
|
MARC
| LEADER | 00000cam a2200000 a 4500 | ||
|---|---|---|---|
| 001 | UCE0194 | ||
| 003 | CL-VaPUC | ||
| 008 | 140109e20120000cl |||||||||||||||||spa|d | ||
| 020 | |a 9567743037 | ||
| 082 | 0 | 4 | |a 582.13 |b HOF |2 21 |
| 100 | |a Hoffmann J., Adriana E |e author |9 598071 | ||
| 245 | 1 | 0 | |a Flora silvestre de Chile: una guía para la identificación de las especies vegetales más frecuentes |
| 250 | |a 5a. ed | ||
| 300 | |a 254 p | ||
| 942 | |c BK | ||
| 945 | |d 20140109 11:50:00 |a cmena | ||
| 260 | |a Santiago |b Fundación Claudio Gay |c 2012 | ||
| 650 | 7 | |a FLORA |2 CL-VaPUC |9 264745 | |
| 650 | 0 | |a Recursos vegetales |9 356886 | |
| 650 | 7 | |a PLANTAS SILVESTRES |2 CL-VaPUC |9 347474 | |
| 650 | 7 | |a PASTOS |2 CL-VaPUC |9 264233 | |
| 651 | 7 | |a CHILE |2 CL-VaPUC |9 572578 | |
| 651 | 7 | |a ZONA CENTRAL, CHILE |2 CL-VaPUC |9 317575 | |
| 583 | |a last modification |c 20140109 11:50:00 |k Rodrigo Vera | ||
| 999 | |c 354430 |d 354428 | ||
| 952 | |0 0 |1 0 |3 erb |4 0 |6 582_130000000000000_HOF_2012 |7 0 |8 A |9 460299 |a BIBING |b BIBING |i 5046076 |o 582.13 HOF 2012 |p 5046076 |r 2023-03-02 |w 2019-11-23 |y BK |z Catalogado en:20140109 |k GEO | ||
| 952 | |0 0 |1 0 |3 erb |4 0 |6 582_130000000000000_HOF_2012 |7 0 |8 A |9 460300 |a BIBING |b BIBING |i 5046084 |l 3 |m 1 |o 582.13 HOF 2012 |p 5046084 |r 2025-01-20 |s 2024-06-12 |w 2019-11-23 |y BK |z Catalogado en:20140109 |k GEO | ||
| 952 | |0 0 |1 0 |3 erb |4 0 |6 582_130000000000000_HOF_2012 |7 0 |8 A |9 460301 |a BIBING |b BIBING |i 5046092 |l 4 |m 1 |o 582.13 HOF 2012 |p 5046092 |r 2025-01-20 |s 2024-12-10 |w 2019-11-23 |y BK |z Catalogado en:20140109 |k GEO | ||